| 000 | 01508nam2a22002651 4500 | ||
|---|---|---|---|
| 001 | rc\2304446 | ||
| 005 | 20250612184008.0 | ||
| 010 |
_bВ пер. _d2 р. 5. к. _920000 |
||
| 021 |
_aRU _b77-71656 |
||
| 035 | _a(NLR Aleph) 008785749 | ||
| 090 |
_a8010030 _c8010030 |
||
| 100 | _a20110829d1977 |||y0rusy50 ca | ||
| 101 | 0 | _arus | |
| 102 | _aRU | ||
| 105 | _aa l ||||| | ||
| 200 | 1 |
_aКонсервы для детского и диетического питания _aБыстрозамороженные продукты _aКонсервы фруктовые |
|
| 210 |
_d1977 _aБ. м. |
||
| 215 |
_a431 с. _cил. |
||
| 461 | 0 |
_1001rc\2304444 _12001#$aСборник технологических инструкций по производству консервов$e[утверждены Министерством пищевой промышленности СССР 29.04.72]$aВсесоюз. науч.-исслед. ин-т консервной и овощесушильной пром-сти. ВНИИКОП$vТ. 2 _98006050 _cМосква _d1977©-1979 _nПищевая промышленность _o[утверждены Министерством пищевой промышленности СССР 29.04.72] _tСборник технологических инструкций по производству консервов _vТ. 2 |
|
| 801 | 0 |
_aRU _bNLR _gpsbo |
|
| 801 | 1 |
_aRU _bELAR _2rusmarc |
|
| 801 | 2 |
_aRU _bNLR _c20120510 _2rusmarc |
|
| 852 |
_aNLR _j77-5/2800 |
||
| 942 | _cBOOK | ||
| 980 | _aNB | ||